Cuentos

Shranjeno v:
Bibliografske podrobnosti
Format: Texto
Oznake: Označite
Brez oznak, prvi označite!

MARC

LEADER 00000 a a2200000 04500
001 45664
003
040
245 |a Cuentos  
773 |g número499 (2011)  
999 |c 22182  |d 22182